| 000 | 00750nam a2200241 a 4500 | ||
|---|---|---|---|
| 999 |
_c11018 _d11018 |
||
| 001 | 11018 | ||
| 003 | BD-JhCC | ||
| 005 | 20211013134021.0 | ||
| 008 | 190725b 2017bg a|||| ||a| 000 0 ben d | ||
| 020 | _a9789843427700 | ||
| 035 | _a(BD-JhCC)11018 | ||
| 040 |
_aBD-JhCC _dBD-JhCC |
||
| 041 | _aben | ||
| 082 |
_a925 _bMIR 2017 |
||
| 100 | _aমিরণ, আসাদ | ||
| 245 |
_aপরমাণু বিজ্ঞানের নায়কেরা / _cআসাদ মিরণ । |
||
| 260 |
_aঢাকাঃ _bআলোঘর প্রকাশনা; _c২০১৭. |
||
| 300 |
_a৭৪ পৃঃ. : _c২১ সেমি. |
||
| 650 | _aScientists | ||
| 651 | _aAtoms Scientirst | ||
| 942 |
_2ddc _cBK _06 |
||